[Event "EU-chT Seniors 50"]
[Site "Novi Sad"]
[Date "2017.07.01"]
[Round "7.4"]
[White "Deze, Vladimir"]
[Black "Karlicic, Bozidar"]
[Result "1-0"]
[WhiteElo "2139"]
[BlackElo "2013"]
[PlyCount "51"]
[EventDate "2017.06.25"]
[EventType "team-tourn"]
[EventRounds "9"]
[EventCountry "SRB"]
[SourceTitle "CBM 179 Extra"]
[Source "ChessBase"]
[SourceDate "2017.08.23"]
[SourceVersion "1"]
[SourceVersionDate "2017.08.23"]
[SourceQuality "1"]
[WhiteTeam "Serbia Promocia 50"]
[BlackTeam "Serbia Penzioner 50"]
[WhiteTeamCountry "SRB"]
[BlackTeamCountry "SRB"]

1. b3 e5 2. Bb2 Nc6 3. e3 Nf6 4. Bb5 d6 5. Ne2 a6 6. Bxc6+ bxc6 7. 0-0 Be7 8. d3 0-0 9. Nd2 c5 10. e4 Bg4 11. f3 Bd7 12. h3 Nh5 13. f4 Nxf4 14. Nxf4 exf4 15. Rxf4 Bg5 16. Rf3 f6 17. Nf1 Qe8 18. Ng3 g6 19. d4 cxd4 20. Bxd4 Bc6 21. Qd3 Qe6 22. Rd1 Rf7 23. Qc3 Bb5 24. Rd2 c5 25. Bf2 Bh4 26. Nf1 1-0